00565nam a2200193 a 4500001001300000003000900013005001700022008004100039020002300080082001600103100002700119245006400146260003700210300000900247500003500256505001300291650004000304700002700344nice12345678IN_TiNIC20260116014819.0050524s1999 swea grp 000 0 eng  a9163017 c50000a297.24bRAT aRatiq, Emmanuel Luther aJesusb Contact and Conflict Between Christians and Muslims aSwedenbS: Ta Clara Churchc1999 a144p aincludes index and biblioraphy2 aAppendix aJesus Christ-Islamic Interpretation1 aRatiq, Emmanuel Luther